How to play table tennis
| Main Author: | |
|---|---|
| Format: | Book |
| Published: |
London :
Hamlyn ,
c1981
|
| Subjects: |
MARC
| LEADER | 00000cam a2200000 7i4500 | ||
|---|---|---|---|
| 001 | 0000002182 | ||
| 005 | 20050422.0 | ||
| 020 | |a 0600387992 | ||
| 040 | |a INS | ||
| 090 | 0 | 0 | |a GV1005 |b S6124 1981 |
| 100 | 1 | |a Simpson, Peter | |
| 245 | 1 | 0 | |a How to play table tennis |c Peter Simpson |
| 260 | |a London : |b Hamlyn , |c c1981 | ||
| 650 | 0 | 0 | |a Table tennis |
| 999 | |a 0000000665 |b BOOK |c Open Shelf |e Default branch | ||